[Event "Hyderabad op 1st"]
[Site "Hyderabad"]
[Date "2006.03.03"]
[Round "8"]
[White "Somesh, V."]
[Black "Barua, Dibyendu"]
[Result "0-1"]
[WhiteElo "2197"]
[BlackElo "2464"]
[PlyCount "48"]
[EventDate "2006.02.25"]
[EventType "swiss"]
[EventRounds "10"]
[EventCountry "IND"]
[SourceTitle "CBM 111 Extra"]
[Source "ChessBase"]
[SourceDate "2006.05.09"]
[SourceVersion "1"]
[SourceVersionDate "2006.05.09"]
[SourceQuality "1"]

1. e3 d5 2. g3 g6 3. Bg2 Bg7 4. Ne2 e5 5. d4 c6 6. 0-0 Ne7 7. e4 exd4 8. exd5 Nxd5 9. Nxd4 0-0 10. c3 Nd7 11. Na3 Ne5 12. Qb3 a5 13. Bxd5 a4 14. Bxf7+ Rxf7 15. Qc2 c5 16. f4 cxd4 17. fxe5 d3 18. Qg2 Qb6+ 19. Kh1 Rxf1+ 20. Qxf1 Bd7 21. h4 Bc6+ 22. Kh2 Rf8 23. Bf4 Qxb2+ 24. Kg1 Qxa3 0-1

[Event "Hyderabad op 1st"]
[Site "Hyderabad"]
[Date "2006.03.01"]
[Round "6"]
[White "Somesh, V."]
[Black "Gokhale, Chandrashekhar"]
[Result "1/2-1/2"]
[WhiteElo "2197"]
[BlackElo "2368"]
[PlyCount "45"]
[EventDate "2006.02.25"]
[EventType "swiss"]
[EventRounds "10"]
[EventCountry "IND"]
[SourceTitle "CBM 111 Extra"]
[Source "ChessBase"]
[SourceDate "2006.05.09"]
[SourceVersion "1"]
[SourceVersionDate "2006.05.09"]
[SourceQuality "1"]

1. e3 d5 2. g3 e5 3. Bg2 Nf6 4. Ne2 h5 5. h4 c6 6. d4 Bd6 7. c4 Bg4 8. cxd5 Nxd5 9. e4 Nf6 10. dxe5 Bxe5 11. Qxd8+ Kxd8 12. Nbc3 Na6 13. f3 Be6 14. Bf4 Nd7 15. 0-0-0 Bxf4+ 16. Nxf4 Ke7 17. Nxe6 fxe6 18. f4 Nf6 19. Bf3 g6 20. e5 Nd5 21. Ne4 Ne3 22. Rd2 Nb4 23. Re1 1/2-1/2